Stochastičeskoje optimalnoje upravlenije : Slučaj diskretnogo vremeni /

Salvato in:
Dettagli Bibliografici
Autori principali: Shreve, Steven E (Autore), Bertsekas, Dimitri P (Autore)
Natura: Libro
Pubblicazione: Moskva : Nauka, 1985
Edizione:1.vyd.
Tags: Aggiungi Tag
Nessun Tag, puoi essere il primo ad aggiungerne!!

MARC

LEADER 00000nam a22000003a 4500
001 stu7480
005 20150617225809.0
008 ------s1985----------------------------d
040 |a STU  |b slo 
041 0
080 |a 517.977 
080 |a 681.514 
100 1 |a Shreve, Steven E  |4 aut 
245 1 |a Stochastičeskoje optimalnoje upravlenije :  |b Slučaj diskretnogo vremeni /  |c [aut.] Bertsekas,Dimetrij P.; Shreve,Steven E 
250 |a 1.vyd. 
260 |a Moskva :  |b Nauka,  |c 1985 
300 |a 278 s 
700 1 |a Bertsekas, Dimitri P  |4 aut 
996 |b E58150  |c E*58150  |l EE03  |s P  |a 0  |w stu7480_0001 
996 |b E58363  |c E*58363  |l EE03  |s P  |a 0  |w stu7480_0002